000
00280nam a22001217a 4500
008
180131b xxu||||| |||| 00| 0 eng d
041
_a
eng
080
_2
4 ED
_a
54
100
_a
12
101
_a
KIM
245
_a
HANDBOOK CHEMISTRY AND PHYSIC
_c
CHARLEES.D.H
942
_2
udc
_c
BK
999
_c
41408
_d
41408